000 00547nam a2200181 a 4500
005 20251210064051.0
008 060822s1954 cu r 000 0 spa d
035 _aUPN01000146402
049 _aCG
050 4 _aLB2822.5
_bL4.6
100 1 _aLemus, Luis Arturo,
_d1920-1997
_928982
245 1 0 _aOrganización y supervisión de la escuela primaria /
_cpor Luis Arturo Lemus.
260 _aLa Habana :
_bCultural,
_c[1954?].
300 _a403 p.
650 4 _aSupervisión escolar
_94835
650 4 _aEducación primaria
_91552
905 _aLibro
999 _c118548
_d118548